| 000 | 01495cam a2200397 i 4500 | ||
|---|---|---|---|
| 001 | 1214267 | ||
| 003 | EG-ScBUE | ||
| 005 | 20240901121823.0 | ||
| 008 | 990615t2000 gw a f b 001 0 eng d | ||
| 020 | _a3540657150 (alk. paper) | ||
| 020 | _a9783540657156 | ||
| 040 |
_aDLC _beng _erda _cDLC _dDLC _dEG-ScBUE |
||
| 041 | 1 |
_aeng _hchi |
|
| 082 | 0 | 4 |
_a502.825 _222 _bBAI |
| 100 | 1 |
_aBai, Chunli, _eauthor. |
|
| 245 | 1 | 0 |
_aScanning tunneling microscopy and its application / _cChunli Bai. |
| 250 |
_aSecond edition, _brevised edition. |
||
| 264 | 1 |
_aBerlin ; _aNew York : _bSpringer, _c[2000] |
|
| 264 | 4 | _cc2000 | |
| 300 |
_axiv, 368 pages : _billustrations ; _c24 cm. |
||
| 336 |
_2rdacontent _atext _btxt |
||
| 337 |
_aunmediated _2rdamedia _bn |
||
| 338 |
_avolume _bnc _2rdacarrier |
||
| 490 | 0 | _aSurface sciences | |
| 504 | _aIncludes bibliographical references and index. | ||
| 546 | _aText in English ; translated from the original Chinese. | ||
| 650 | 7 |
_aScanning tunneling microscopy. _2BUEsh |
|
| 650 | 7 |
_aSurfaces (Physics) _2BUEsh |
|
| 650 | 7 |
_aSurface chemistry. _2BUEsh |
|
| 655 | _vReading book | ||
| 856 | 4 | 2 |
_3Publisher description _uhttp://www.loc.gov/catdir/enhancements/fy0815/99034035-d.html |
| 856 | 4 | 1 |
_3Table of contents only _uhttp://www.loc.gov/catdir/enhancements/fy0815/99034035-t.html |
| 942 |
_2ddc _cBB |
||
| 999 |
_c10432 _d10432 |
||